MARC

LEADER 00000nam0a2200000 4500
001 221137
005 20231101230400.0
035 |a (RuTPU)RU\TPU\book\241280 
090 |a 221137 
100 |a 20120907d1899 m y0rusy50 ca 
101 0 |a rus 
102 |a RU 
105 |a a j 001zy 
200 1 |a Курс физики  |h Т. II. Отдел 7: Учение о звуке (акустика). Отдел 8: Учение о лучистой энергии  |f О. Д. Хвольсон 
210 |a СПб.  |d 1899 
215 |a 701 с.  |c ил. 
320 |a Библиогр.: с. 699-701. 
606 1 |a Физика  |2 stltpush  |3 (RuTPU)RU\TPU\subj\63709  |9 80688 
610 1 |a акустика 
610 1 |a звук 
610 1 |a колебания 
610 1 |a распространение 
610 1 |a происхождение 
610 1 |a отражение 
610 1 |a преломление 
610 1 |a интерференция 
610 1 |a струны 
610 1 |a стержни 
610 1 |a пластинки 
610 1 |a газообразные тела 
610 1 |a трубы 
610 1 |a резонанс 
610 1 |a тоны 
610 1 |a голосовые данные 
610 1 |a органы слуха 
610 1 |a лучистая энергия 
610 1 |a свет 
610 1 |a дисперсия 
610 1 |a измерение 
610 1 |a оптические приборы 
610 1 |a физиологическая оптика 
610 1 |a атмосферные явления 
610 1 |a дифракция 
610 1 |a поляризация 
610 1 |a учебные пособия 
675 |a 53(075.8)  |v 3 
700 1 |a Хвольсон  |b О. Д.  |g Орест Данилович 
801 1 |a RU  |b 63413507  |c 20120907 
801 2 |a RU  |b 63413507  |c 20121016  |g RCR 
942 |c BK